| 000 | 00648nam a22002177i 4500 | ||
|---|---|---|---|
| 999 |
_c22868 _d22868 |
||
| 003 | AR-CdUCM | ||
| 008 | 240507b20022002 pe||||| |||| 00| 0 spa d | ||
| 020 | _a9972-699-26-9 | ||
| 040 |
_aMUNICIPALIDAD PROVINCIAL DEL CUSCO _cBIBLIOTECA MUNICIPAL DEL CUSCO |
||
| 082 |
_22ª ed. _a869.56 / C1336B _bC1336B |
||
| 100 |
_aCabrera Gómez, Jorge. _949682 |
||
| 245 | _aEl Baobab / | ||
| 260 |
_aLima : _bHorizonte, _c2002 |
||
| 300 |
_a357 páginas. : _c20 cm. |
||
| 650 |
_aEl Baobab _949711 |
||
| 650 |
_aLa caravana _949712 |
||
| 650 |
_aUna mujer de arena _949713 |
||
| 650 |
_aDespedida _91108 |
||
| 942 |
_2ddc _cLIBROS |
||
| 945 |
_apbj _d2024-05-07 |
||